| 000 | 00913nas a2200313 4500 | ||
|---|---|---|---|
| 001 | BR2011006454 | ||
| 003 | BR-BrBNA | ||
| 005 | 20231205115222.0 | ||
| 007 | ta | ||
| 008 | 230509b bl.|||p| |||| 00| 00por d | ||
| 040 |
_aBR-BrBNA _bpor _cBiblioteca Nacional de Agricultura |
||
| 041 | _a(Pt) | ||
| 072 | _aL74 | ||
| 100 | 1 | _aGrecco, F.B. | |
| 100 | 1 | _aEstima-Silva, P. | |
| 100 | 1 | _aMarcolongo-Pereira, C. | |
| 100 | 1 | _aSoares, M.P. | |
| 100 | 1 | _aCollares, G. | |
| 100 | 1 | _aSchild, A.L. | |
| 245 | 1 | _aSeneciose crônica em ovinos no sul do Rio Grande do Sul | |
| 650 | _aOVINO | ||
| 650 | _aPLANTA TÓXICA | ||
| 650 | _aINTOXICAÇÃO ANIMAL | ||
| 650 | _aMARIA-MOLE | ||
| 650 | _aRIO GRANDE DO SUL | ||
| 773 | 0 |
_tPesquisa Veterinária Brasileira (Brazil) _xISSN 0100-736X _g(Apr 2011), v. 31(4) p. 326-330 _wBR2011006454 |
|
| 909 |
_a202311 _bLúcia _c55 _dLúcia Elande |
||
| 942 |
_2AGRIS _n0 _cANA |
||
| 999 |
_c212668 _d212668 |
||